Statistiques concernant Devinez le Département Mystère #90

Cliquez ici pour prendre le quiz!

Statistiques générales

  • Ce quiz a été pris 82 fois
  • Le résultat moyen est 28 sur 46

Statistiques - réponses

Type de RéponseRéponse% Correct
Lettre de l'AlphabetA
100%
Lettre TrouvéeE
100%
Lettre TrouvéeO
99%
Lettre de l'AlphabetU
99%
Lettre de l'AlphabetN
97%
Lettre TrouvéeR
97%
Lettre de l'AlphabetS
97%
Lettre TrouvéeT
97%
Lettre TrouvéeI
96%
Lettre TrouvéeL
94%
Lettre de l'AlphabetH
91%
Lettre de l'AlphabetC
90%
Lettre TrouvéeD
88%
Lettre de l'AlphabetM
87%
Lettre de l'AlphabetP
82%
Lettre de l'AlphabetV
78%
Lettre TrouvéeB
75%
Lettre de l'AlphabetY
71%
Lettre de l'AlphabetG
69%
Lettre de l'AlphabetQ
62%
Lettre TrouvéeF
60%
Lettre de l'AlphabetJ
50%
Lettre de l'AlphabetZ
47%
Lettre de l'AlphabetX
46%
Lettre Bien PlacéeB
40%
Lettre Bien PlacéeD
40%
Lettre Bien PlacéeE
40%
Lettre Bien PlacéeE
40%
Lettre Bien PlacéeE
40%
Lettre Bien PlacéeE
40%
Lettre Bien PlacéeF
40%
Lettre Bien PlacéeI
40%
Lettre Bien PlacéeI
40%
Lettre de l'AlphabetK
40%
Lettre Bien PlacéeL
40%
Lettre Bien PlacéeO
40%
Lettre Bien PlacéeO
40%
Lettre Bien PlacéeR
40%
Lettre Bien PlacéeR
40%
Lettre Bien PlacéeR
40%
Lettre Bien PlacéeR
40%
Lettre Bien PlacéeT
40%
Lettre Bien PlacéeT
40%
Lettre Bien PlacéeT
40%
Département MystèreTerritoire de Belfort
40%
Lettre de l'AlphabetW
40%

Distribution des résultats

Percentile par nombre de réponses

% des personnes avec chaque résultat

Votre développement - résultats

Vous n’avez pas pris ce quiz